Quizzes
Events
Quiz Creation
Community
Videos
Private Events
Remove Ads
Sign In
Join for FREE
Feedback
Dark Mode
Quiz Categories
Sports
Geography
Music
Movies
Television
Just For Fun
Miscellaneous
History
Literature
Language
Science
Gaming
Entertainment
Religion
Holiday
For Kids
Quiz Lab
Recent
Popular Today
Quiz Kudos Today
Editor Picks
Curator Picks
Quizzes by...
Day
Popularity
Type
Ratings
Length
Year
Community
Subscriptions
Recent Discussions
Orange Saloon
Badges
Playlists
Quests
Create
Leaderboards
Showdown
Live 5
Trivia Bingo
Activity
Puzzle Library
Sporcle Events
Private Events
Virtual Trivia
Globe League
Become a Host
Pub Owners
SporcleCon
Opinionation
Our Games
Videos
Blog
Mobile Apps
Partnerships
Remove Ads and Go Orange
Feedback
Music
Pop Music
The Beatles
Song
Album
Lyrics
Bands
Singers
Artist
Clip
Rock
Rap
Classical
Billboard
Country Music
Kpop
Taylor Swift
Music
Pop Music
The Beatles
Song
Album
Lyrics
Bands
Singers
Artist
Clip
Rock
Rap
Classical
Billboard
Country Music
Kpop
Taylor Swift
Random Quiz
Search Sporcle
×
Quiz Lab
Quiz Lab
Music
Musical
Type in answers that appear in a list
Type in answers that appear in a list
Classic
Best Score? Go Orange.
West End Musicals Stats
Can you name the West End Musicals?
By
Lucy_Percy
7m
20 Questions
1,449 Plays
1,449 Plays
1,449 Plays
Comments
Comments
Give Quiz Kudos
Give Quiz Kudos
-
- Ratings
hide this ad
More Info
Replay
Link that replays current quiz
Next Quiz
Link to next quiz in quiz playlist
You Got
0%
They Got
Avg Score
44%
Avg Friend Score
Upgrade to see
Score Distribution
Jump to the score distribution portion of the page
Score
0/20
Timer
07:00
0
Plays Today
Theatre
Musical
% Correct
Apollo Victoria Theatre
Wicked
84.6%
Queen's Theatre
Les Miserables
81%
Her Majesty's Theatre
The Phantom of the Opera
76.7%
Lyceum Theatre
The Lion King
73.7%
Victoria Palace Theatre
Billy Elliot
55.5%
Prince Of Wales Theatre
Mamma Mia!
54.9%
Dominion Theatre
We Will Rock You
51.8%
Theatre Royal, Drury Lane
Oliver!
46.4%
Cambridge Theatre
Chicago
44.1%
Prince Edward Theatre
Jersey Boys
42.2%
Theatre
Musical
% Correct
Pheonix Theatre
Blood Brothers
36.6%
Gielgud Theatre
Hair
34.2%
Savoy Theatre
Legally Blonde
33.2%
Piccadilly Theatre
Grease
31.4%
Adelphi Theatre
Love Never Dies
29.6%
Wyndham's Theatre
Avenue Q
26.6%
Aldwych Theatre
Dirty Dancing
23.6%
London Pallladium
Sister Act
22.4%
Palace Theatre
Priscilla Queen of the Desert
21%
Lyric Theatre
Thriller Live
14.1%
Quiz Playlist
Details
Report
Send in Message
Add To Playlist
More Info:
Can you name 20 West End Musicals (as of 12-May-2010) just by which theatre they are currently in?
Classic:
Type in answers that appear in a list
Last Updated: Dec 7, 2018
Quiz Scoreboard
CHALLENGE
Sign Up to Join the Scoreboard
Show All
Scores
Hide
Comments
May contain spoilers
Recently Published
Pick 6: Fruits
by JohnFran
Miscellaneous
15s
Click the 1999 NBA Draft
by nibperrychub
Sports
2m
Alphabetical 'K' Countries by Flag Minefield
by ylime102
Geography
3m
More to Explore
Quiz From the Vault
Featured Blog Post
15 Basketball Trivia Facts You Can Be March Mad About
hide this ad
You Might Also Like...
Tags
Musical Quiz
Capacity
end
Seating
theatre
West
Today's Top Quizzes in Music
Browse Music
hide this ad
Today's Top Quizzes in Musical
Browse Musical
Top Contributed Quizzes in Music
1
Taylor Swift All Songs (2024)
2
KPOP LOGIC QUIZ
3
A Taylor Swift Logic Puzzle
4
Guess the Taylor Swift song (Mystery Song)
5
K-Pop Murder Mystery Logic Quiz
6
Taylor Swift Logic Puzzle
7
Guess The Taylor Swift Lyrics Song #1
8
kpop group name match up
9
NCT 2020 Logic Puzzle
10
K-Pop : 100 Debut Songs (Part 1 of 3)
Explore More
Trending Topics
Harry Potter
Kpop
Anime
Marvel
Crossword
NBA
Disney
NFL
The Office
WWE
Song
Puzzle
Pokémon
Soccer
Country
hide this ad
More By:
Lucy_Percy
Quiz
Plays
Rating
Category
Featured
Created
West End Musicals
1,449
5.00
Music
May 12, 2010
Go to Creator's Profile
Score Distribution
Quiz Creator Spotlight
Lucy_Percy
Follow
Send a Message
Quizzes Created
-
Created Quiz Play Count
-
More By This Creator
Popular Quizzes Today
1
Countries of Asia Without Outlines Minefield
2
Find the US States - No Outlines Minefield
3
Pick 6: Fruits
4
Alphabetical 'K' Countries by Flag Minefield
5
The Countries of the World
6
Find the US States
7
US States
8
Match the Book to the Film X
More Music Quizzes
Slipknot or One Direction?
Editor's Pick
Trending Quizzes
Pick 6: Mountains
Pick 6: Harry Potter
Pick 6: NFL Teams
Pick 6: Movie Franchises
Pick 6: Golfers
Recently Updated
NWSL Teams
pecheneg
Women's Final Four Teams by Year
bhenderson79
Presidents Quartet II
eogle
Anything But Clue(do)
eogle
Anything But Oceanian Capitals
eogle
Anything But 7
eogle
Anything But Thing
eogle
Word Ladder: February 29
pecheneg
Song Title Questions
pecheneg
Women's NCAA Tournament #1 Seeds
pecheneg
Trending Topics
Harry Potter
Kpop
Disney
NBA
Crossword
Anime
Marvel
Pokémon
Puzzle
Soccer
Song
The Office
Country
WWE
NFL
Your Account Isn't Verified!
In order to create a playlist on Sporcle, you need to verify the email address you used during registration. Go to your
Sporcle Settings
to finish the process.
Report this User
Report this user for behavior that violates our
Community Guidelines
.
Details:
Send Report
Go to the Sporcle.com Mobile Site →
Comments